| 000 | 01111nam a22003257a 4500 | ||
|---|---|---|---|
| 003 | CHAP | ||
| 005 | 20220329140256.0 | ||
| 008 | 971013s1977 r 00010 d | ||
| 010 | _a49621 | ||
| 011 | _a50593 | ||
| 035 | _a54743 | ||
| 040 | _cCHAP | ||
| 082 |
_a632.95 _bS3 |
||
| 100 | 0 | 0 |
_aSalmerón de Diego, Juan. _9101754 |
| 245 | _aIntoxicaciones producidas por pesticidas | ||
| 260 |
_aMadrid : _bMinisterio de Agricultura, _c1977 |
||
| 300 |
_a195 p. _b: ilus. |
||
| 490 | _aPublicaciones de extensión agraria | ||
| 590 |
_aBATCH-UPD _b10 _c20130110 _lUCH01 _h0743 |
||
| 590 |
_aBATCH-UPD _b10 _c20130410 _lUCH01 _h0424 |
||
| 590 |
_aBATCH-UPD _b10 _c20130914 _lUCH01 _h1910 |
||
| 590 |
_aCONVERSION _b10 _c20130109 _lUCH01 _h1327 |
||
| 650 | 1 | 4 |
_aPesticidas _xToxicidad. _987571 |
| 830 | 0 |
_aPublicaciones de extensión agraria _992675 |
|
| 901 | _aBK | ||
| 942 | _cLIBRO | ||
| 949 |
_a632.95 S3 _bBC _cLIBRO _d-120597 _eLIBRO _h52118 _i54743 _si |
||
| 949 |
_a632.95 S3 _bBC _cLIBRO _d33724000186557 _eLIBRO _fc.2 _h61662 _i54743 _si |
||
| 949 |
_a632.95 S3 _bBC _cLIBRO _d33724000186565 _eLIBRO _fc.3 _h61663 _i54743 _si |
||
| 999 |
_c49621 _d49621 |
||